Central Library OPAC University of Rajshahi

Grace abounding, &, The life and death of Mr. Badman / (Record no. 20289)

MARC details
000 -LEADER
fixed length control field 00855nam a2200253 a 4500
001 - CONTROL NUMBER
control field 20289
003 - CONTROL NUMBER IDENTIFIER
rucl marc code BD-RjUL
005 - DATE AND TIME OF LATEST TRANSACTION
control field 20211209000538.0
008 - FIXED-LENGTH DATA ELEMENTS--GENERAL INFORMATION
fixed length control field 140227r19531928enk 000 1 eng d
035 ## - SYSTEM CONTROL NUMBER
System control number (BD-RjUL)20351
040 ## - CATALOGING SOURCE
Original cataloging agency NZOC
Language of cataloging eng
Transcribing agency NZOC
Modifying agency NZOC
-- BD-RjUL
041 ## - LANGUAGE CODE
Language code of text/sound track or separate title eng
082 ## - DEWEY DECIMAL CLASSIFICATION NUMBER
Classification number 823.4
Author mark and year BUG 1953
100 1# - MAIN ENTRY--PERSONAL NAME
Personal name Bunyan, John,
Dates associated with a name 1628-1688.
9 (RLIN) 61052
245 10 - TITLE STATEMENT
Title Grace abounding, &, The life and death of Mr. Badman /
Statement of responsibility, etc. John Bunyan
260 ## - PUBLICATION, DISTRIBUTION, ETC. (IMPRINT)
Place of publication, distribution, etc. London :
Name of publisher, distributor, etc. Dent,
Date of publication, distribution, etc. 1953.
300 ## - PHYSICAL DESCRIPTION
Pagination xiii, 304 p. ;
Size 18 cm.
500 ## - GENERAL NOTE
General note Reprint of the ed. originally published London : Dent, 1928.
600 ## - SUBJECT ADDED ENTRY--PERSONAL NAME
Personal name Bunyan, John, --
Dates associated with a name 1628-1688.
700 12 - ADDED ENTRY--PERSONAL NAME
Personal name Bunyan, John,
Dates associated with a name 1628-1688.
942 ## - ADDED ENTRY ELEMENTS (KOHA)
Source of classification or shelving scheme Dewey Decimal Classification
Koha item type Books
Holdings
Lost status Source of classification or shelving scheme Damaged status Not for loan Collection code Permanent Location Current Location Shelving location Date acquired Source of acquisition Cost, normal purchase price Total Checkouts Full call number Date last seen Copy number Koha item type
  Dewey Decimal Classification   Not For Loan Fiction Central Library, University of Rajshahi Central Library, University of Rajshahi Reading Room 24/09/1955 B. H. Blackwell 6.00   823.4 BUG 1953 27/02/2014 C-1 Books